[Event "Rated Blitz tournament spring21"]
[Site "?"]
[Date "2021.04.10"]
[Round "?"]
[White "WattSchrott"]
[Black "vovaches"]
[Result "0-1"]
[WhiteElo "2435"]
[BlackElo "2508"]
[PlyCount "124"]
[EventDate "2021.??.??"]
[EventType "blitz"]

1. e4 e5 2. Nf3 d5 3. Nc3 dxe4 4. Nxe4 Nf6 5. Nxf6+ Qxf6 6. d4 Nc6 7. dxe5 Nxe5
8. Nxe5 Qxe5+ 9. Qe2 Bd6 10. Qxe5+ Bxe5 11. c3 Bf5 12. Be3 O-O-O 13. Be2 Rhe8
14. O-O Bf4 15. Bxf4 Rxe2 16. b3 Rd3 17. c4 Rc3 18. Rfe1 Rcc2 19. Rxe2 Rxe2 20.
h3 f6 21. Be3 h5 22. h4 b6 23. Kf1 Rc2 24. Kg1 a5 25. Kh2 Kd7 26. Rd1+ Ke6 27.
Rd2 Rxd2 28. Bxd2 Bb1 29. a3 Ba2 30. b4 axb4 31. axb4 Bxc4 32. Kg3 c5 33. bxc5
bxc5 34. Kf4 Be2 35. Ke3 Bd1 36. Kd3 Kd5 37. Bc3 Ba4 38. f3 Bb5+ 39. Kd2 Bf1
40. g3 Bb5 41. g4 Be8 42. gxh5 Bxh5 43. Ke3 Kc4 44. Ba5 Kb3 45. f4 c4 46. Kd2
Ka4 47. Bc3 Kb5 48. Ke3 Kc5 49. Ke4 Bg6+ 50. Ke3 Kd5 51. Bd4 Bd3 52. Bc3 Ke6
53. Bb2 Kf5 54. Kf3 Bc2 55. Bd4 Bd1+ 56. Ke3 Kg4 57. Bc5 Kxh4 58. Bf8 g5 59.
fxg5 fxg5 60. Be7 Kg4 61. Kf2 Kf4 62. Bb4 g4 {Time forfeit} 0-1

[Event "Rated Blitz tournament spring21"]
[Site "?"]
[Date "2021.04.10"]
[Round "?"]
[White "StoleLaf"]
[Black "Maltinho"]
[Result "0-1"]
[WhiteElo "2506"]
[BlackElo "2493"]
[PlyCount "58"]
[EventDate "2021.??.??"]
[EventType "blitz"]

1. e4 e5 2. Nf3 d5 3. exd5 Bd6 4. Nc3 f5 5. Bb5+ c6 6. dxc6 Nxc6 7. d3 Nf6 8.
O-O O-O 9. Bxc6 bxc6 10. Re1 h6 11. Be3 g5 12. h3 c5 13. Nb5 Bb7 14. Nxd6 Qxd6
15. c3 Rad8 16. Qb3+ Bd5 17. Qa3 Bxf3 18. Bxc5 Qc6 19. gxf3 Rfe8 20. Be7 Rxd3
21. Rxe5 Rxf3 22. Qb3+ Kg7 23. Bxf6+ Kxf6 24. Rxe8 Qxe8 25. Qd5 Qe4 26. Qd8+
Kg6 27. Rd1 Rxh3 28. Qd6+ Kh5 29. Qd5 Rh1# {Normal} 0-1

[Event "Rated Blitz game"]
[Site "?"]
[Date "2021.04.10"]
[Round "?"]
[White "Apash_10"]
[Black "annaly1979"]
[Result "1-0"]
[WhiteElo "2524"]
[BlackElo "2393"]
[PlyCount "89"]
[EventDate "2021.??.??"]
[EventType "blitz"]

1. e4 e5 2. Nf3 d5 3. exd5 e4 4. Qe2 f5 5. Nc3 Nf6 6. d3 Bb4 7. dxe4 Bxc3+ 8.
bxc3 fxe4 9. Ng5 O-O 10. c4 h6 11. Ne6 Bxe6 12. dxe6 Nc6 13. Bb2 Re8 14. Rd1
Qe7 15. g3 Qxe6 16. Bg2 Rad8 17. O-O Rxd1 18. Rxd1 a6 19. h3 Ne5 20. Bxe4 Nxc4
21. Bxf6 Qxe4 22. Qxe4 Rxe4 23. Rd8+ Kf7 24. Bc3 g6 25. Kg2 Nd6 26. Rd7+ Re7
27. Rxe7+ Kxe7 28. Bb4 Ke6 29. Bxd6 Kxd6 30. Kf3 Ke5 31. Ke3 c5 32. f4+ Kd5 33.
g4 b5 34. h4 h5 35. f5 hxg4 36. fxg6 Ke6 37. Kf4 Kf6 38. h5 b4 39. Kxg4 c4 40.
Kf4 a5 41. Ke3 a4 42. Kd4 b3 43. cxb3 cxb3 44. axb3 a3 45. Kc3 {Normal} 1-0

[Event "Rated Blitz tournament spring21"]
[Site "?"]
[Date "2021.04.10"]
[Round "?"]
[White "Kimuel_Aaron_Lorenzo"]
[Black "julien211003"]
[Result "1-0"]
[WhiteElo "2493"]
[BlackElo "2429"]
[PlyCount "31"]
[EventDate "2021.??.??"]
[EventType "blitz"]

1. e4 e5 2. Nf3 d5 3. Nc3 d4 4. Ne2 f6 5. d3 c5 6. Ng3 Nc6 7. Be2 Bg4 8. O-O
Bxf3 9. Bxf3 Nge7 10. Be2 h6 11. f4 g6 12. f5 Bg7 13. fxg6 Nxg6 14. Nf5 O-O 15.
Bxh6 Nf4 16. Rxf4 {Normal} 1-0

[Event "Rated Blitz tournament spring21"]
[Site "?"]
[Date "2021.04.10"]
[Round "?"]
[White "danikahouse"]
[Black "Jongobongo"]
[Result "1-0"]
[WhiteElo "2409"]
[BlackElo "2210"]
[PlyCount "85"]
[EventDate "2021.??.??"]
[EventType "blitz"]

1. e4 e5 2. Nf3 d5 3. exd5 e4 4. Qe2 Qe7 5. Nd4 Nf6 6. Nc3 a6 7. h3 Qb4 8. Nb3
Bf5 9. d3 Bd6 10. Bd2 O-O 11. Nxe4 Nxe4 12. Bxb4 Bxb4+ 13. c3 Nxc3 14. bxc3
Bxc3+ 15. Kd1 Bxa1 16. Nxa1 Nd7 17. g4 Rfe8 18. Qxe8+ Rxe8 19. gxf5 Re5 20. Bg2
Rxf5 21. Ke2 g6 22. Rc1 c6 23. dxc6 bxc6 24. Bxc6 Ne5 25. Be4 Rh5 26. Rh1 f5
27. Bd5+ Kg7 28. Nc2 Nd7 29. Bf3 Rh4 30. d4 g5 31. Rb1 Nf6 32. Rb7+ Kg6 33. Rb6
g4 34. hxg4 fxg4 35. Bg2 Rh2 36. Kf1 Rh5 37. Rxa6 Rg5 38. Ne3 h5 39. d5 h4 40.
d6 h3 41. d7 hxg2+ 42. Kxg2 Rd5 43. Nxd5 {Normal} 1-0

[Event "Rated Blitz game"]
[Site "?"]
[Date "2021.04.10"]
[Round "?"]
[White "inflado"]
[Black "pasha1984"]
[Result "1-0"]
[WhiteElo "2382"]
[BlackElo "2432"]
[PlyCount "99"]
[EventDate "2021.??.??"]
[EventType "blitz"]

1. e4 e5 2. Nf3 d5 3. exd5 e4 4. Qe2 Nf6 5. d3 Qxd5 6. Nc3 Bb4 7. Bd2 Bxc3 8.
Bxc3 O-O 9. dxe4 Nxe4 10. Rd1 Nxc3 11. Rxd5 Nxe2 12. Bxe2 Nc6 13. O-O Be6 14.
Rb5 Rab8 15. b3 a6 16. Rc5 Rbc8 17. Rd1 Rfd8 18. Rxd8+ Nxd8 19. Nd4 Kf8 20. Bf3
c6 21. Rc3 Ke7 22. Re3 Rc7 23. h4 h6 24. c4 c5 25. Ne2 g5 26. hxg5 hxg5 27. Nc3
Kf6 28. Ne4+ Kg6 29. Ng3 Rd7 30. Bh5+ Kg7 31. Bf3 b5 32. cxb5 axb5 33. Re5 g4
34. Be2 c4 35. Rxb5 cxb3 36. axb3 Nc6 37. Nf5+ Bxf5 38. Rxf5 Nd4 39. Re5 f6 40.
Re4 f5 41. Re3 Kf6 42. Bc4 f4 43. Re4 Kf5 44. Re8 g3 45. fxg3 fxg3 46. Rf8+ Ke4
47. Rg8 Nf5 48. Kf1 Rd1+ 49. Ke2 Rb1 50. Bd3+ {Normal} 1-0

[Event "Rated Blitz tournament spring21"]
[Site "?"]
[Date "2021.04.10"]
[Round "?"]
[White "BrutneySpears"]
[Black "Maltinho"]
[Result "0-1"]
[WhiteElo "2372"]
[BlackElo "2504"]
[PlyCount "128"]
[EventDate "2021.??.??"]
[EventType "blitz"]

1. e4 e5 2. Nf3 d5 3. Nxe5 Bd6 4. d4 dxe4 5. Bf4 Nf6 6. Bc4 O-O 7. Nc3 Nc6 8.
Nxc6 bxc6 9. Qd2 Bxf4 10. Qxf4 Qxd4 11. Bb3 Bg4 12. O-O Bh5 13. Rfe1 Rfe8 14.
h3 c5 15. g4 Bg6 16. Rad1 Qb4 17. a3 Qb6 18. Na4 Qc6 19. Nc3 Red8 20. Rxd8+
Rxd8 21. Bc4 Rd4 22. Bb5 Qd6 23. Qe3 h6 24. Bf1 Qe5 25. f4 Qd6 26. f5 Bh7 27.
Nb5 Qe5 28. Nxd4 cxd4 29. Qb3 g6 30. fxg6 Bxg6 31. Bg2 e3 32. Qb8+ Kg7 33. Qxa7
Qg3 34. Qa5 Be4 35. Re2 Bf3 36. Qe1 Qf4 37. a4 Bxe2 38. Qxe2 h5 39. gxh5 Qg5
40. b4 Kh6 41. a5 Nxh5 42. a6 Nf4 43. Qf3 e2 44. Qf2 Qxg2+ 45. Qxg2 Nxg2 46. a7
e1=Q+ 47. Kxg2 Qa1 48. Kf3 Qxa7 49. Ke4 Qb6 50. Kd3 Qxb4 51. h4 Qc3+ 52. Ke4
Qxc2+ 53. Kd5 d3 54. h5 d2 55. Ke5 c5 56. Kf6 c4 57. Ke7 c3 58. Kf8 f5 59. Kg8
f4 60. Kf7 f3 61. Ke8 Qe4+ 62. Kf8 f2 63. Kg8 f1=Q 64. Kh8 Qf8# {Normal} 0-1

[Event "Rated Blitz tournament spring21"]
[Site "?"]
[Date "2021.04.10"]
[Round "?"]
[White "Mv17"]
[Black "Maltinho"]
[Result "0-1"]
[WhiteElo "2556"]
[BlackElo "2512"]
[PlyCount "34"]
[EventDate "2021.??.??"]
[EventType "blitz"]

1. e4 e5 2. Nf3 d5 3. d4 dxe4 4. Nxe5 Bd6 5. Nc3 Bxe5 6. dxe5 Qxd1+ 7. Nxd1 Nc6
8. Bb5 Bd7 9. Nc3 O-O-O 10. Bf4 Nge7 11. O-O-O Ng6 12. Bg3 Ncxe5 13. Bxd7+ Rxd7
14. Rxd7 Nxd7 15. Nxe4 f5 16. Bxc7 fxe4 17. Bg3 Nf6 {Normal} 0-1

[Event "Rated Blitz tournament spring21"]
[Site "?"]
[Date "2021.04.10"]
[Round "?"]
[White "TimoScKreuzberg"]
[Black "vovaches"]
[Result "1-0"]
[WhiteElo "2369"]
[BlackElo "2510"]
[PlyCount "25"]
[EventDate "2021.??.??"]
[EventType "blitz"]

1. e4 e5 2. Nf3 d5 3. Nxe5 Bd6 4. d4 dxe4 5. Nc4 Nf6 6. Bg5 O-O 7. Nc3 Nc6 8.
Be2 Re8 9. Qd2 Bf5 10. O-O-O a6 11. Kb1 b5 12. Ne3 Be7 13. Nxf5 {Normal} 1-0

[Event "Rated Blitz tournament spring21"]
[Site "?"]
[Date "2021.04.10"]
[Round "?"]
[White "balachess2006"]
[Black "timur247"]
[Result "1-0"]
[WhiteElo "2408"]
[BlackElo "2201"]
[PlyCount "113"]
[EventDate "2021.??.??"]
[EventType "blitz"]

1. e4 e5 2. Nf3 d5 3. exd5 e4 4. Qe2 Nf6 5. Nc3 Be7 6. Nxe4 Nxd5 7. g3 O-O 8.
Bg2 Re8 9. O-O Bf8 10. Qc4 Nb6 11. Qd3 Qxd3 12. cxd3 Nc6 13. b3 Nb4 14. Ba3
Nxd3 15. Bxf8 Kxf8 16. Nc3 c6 17. Ne1 Bf5 18. Nxd3 Bxd3 19. Rfe1 f5 20. Bf1
Rxe1 21. Rxe1 Bxf1 22. Kxf1 Re8 23. Rxe8+ Kxe8 24. Ke2 Ke7 25. d4 Ke6 26. Ke3
g5 27. f4 g4 28. Kd3 Nd5 29. Nxd5 Kxd5 30. Ke3 c5 31. dxc5 Kxc5 32. a3 a5 33.
Kd3 Kd5 34. Ke3 b6 35. Kd3 b5 36. Ke3 a4 37. bxa4 bxa4 38. Kd3 h5 39. Kc3 Ke4
40. Kb4 Kf3 41. Kxa4 Kg2 42. Kb4 Kxh2 43. a4 Kxg3 44. a5 h4 45. a6 h3 46. a7 h2
47. a8=Q Kxf4 48. Qg2 g3 49. Kc3 Kg4 50. Kd3 f4 51. Ke4 Kg5 52. Kf3 Kf5 53.
Qh3+ Ke5 54. Qh5+ Kd4 55. Kxf4 g2 56. Qxh2 g1=Q 57. Qxg1+ {Normal} 1-0

[Event "Rated Blitz tournament spring21"]
[Site "?"]
[Date "2021.04.10"]
[Round "?"]
[White "DailyInsanity"]
[Black "Artem_0degov"]
[Result "1-0"]
[WhiteElo "2578"]
[BlackElo "2538"]
[PlyCount "153"]
[EventDate "2021.??.??"]
[EventType "blitz"]

1. e4 e5 2. Nf3 d5 3. Nxe5 Bd6 4. d4 dxe4 5. Bc4 Bxe5 6. Qh5 Qe7 7. Qxe5 Qxe5
8. dxe5 Nc6 9. Bf4 Nge7 10. Nc3 Ng6 11. Bg3 O-O 12. Nxe4 Ngxe5 13. Bb3 Re8 14.
O-O-O b6 15. Bd5 Bb7 16. Rhe1 Rad8 17. f4 Nd7 18. Bh4 Rc8 19. Ng5 Rxe1 20. Bxe1
Nf6 21. Bxf7+ Kf8 22. Bb3 h6 23. Ne6+ Kf7 24. Nd8+ Kg6 25. Nxb7 Rb8 26. Ba4 Ne7
27. Nd8 Ned5 28. Nc6 Rf8 29. g3 Ne3 30. Rd3 Nf5 31. Ne5+ Kh7 32. Bc3 Ne4 33.
Bc6 Nxc3 34. bxc3 Nd6 35. Bd5 g5 36. fxg5 hxg5 37. Nc4 Nb5 38. a4 Rf1+ 39. Kb2
Nd6 40. Nxd6 cxd6 41. Be4+ Kg7 42. Rxd6 Rf2 43. h4 gxh4 44. gxh4 Rf4 45. Bd3
Rf7 46. h5 Kf8 47. h6 Ke7 48. Rg6 Kf8 49. Rg4 Rf2 50. h7 Rh2 51. Rg8+ Ke7 52.
h8=Q Rxh8 53. Rxh8 Kd6 54. Rh7 Kc5 55. Rxa7 b5 56. axb5 Kb6 57. Ra6+ Kc5 58.
Kb3 Kd5 59. Kb4 Ke5 60. Rc6 Kf4 61. Rc4+ Ke3 62. b6 Kd2 63. b7 Kc1 64. b8=Q Kb2
65. Kc5+ Kc1 66. Bg6 Kd2 67. Be8 Kc1 68. Bb5 Kd2 69. Qf4+ Kd1 70. Rd4+ Kxc2 71.
Qf2+ Kb3 72. Ba4+ Ka3 73. Bc2 Kb2 74. Rb4+ Ka3 75. Rb3+ Ka2 76. Qd4 Ka1 77.
Qa4# {Normal} 1-0

[Event "Rated Blitz tournament spring21"]
[Site "?"]
[Date "2021.04.10"]
[Round "?"]
[White "WattSchrott"]
[Black "Artem_0degov"]
[Result "0-1"]
[WhiteElo "2413"]
[BlackElo "2510"]
[PlyCount "86"]
[EventDate "2021.??.??"]
[EventType "blitz"]

1. e4 e5 2. Nf3 d5 3. Nxe5 Bd6 4. d4 dxe4 5. Nc4 Nf6 6. Nc3 O-O 7. Be2 Nc6 8.
O-O Nxd4 9. Bg5 Nxe2+ 10. Qxe2 Re8 11. h3 Bf5 12. Rad1 h6 13. Nxd6 cxd6 14. Bh4
g5 15. Bg3 d5 16. Nb5 Re7 17. c4 a6 18. Nd4 Bg6 19. c5 Bh5 20. Qd2 Bxd1 21.
Rxd1 Qd7 22. b4 Rc8 23. a3 Nh5 24. Bd6 Ree8 25. Kh2 f5 26. g3 Kh7 27. Ne2 Nf6
28. Nc3 Qe6 29. Ne2 Kg6 30. Nd4 Qd7 31. Ne2 Re6 32. Nd4 Rxd6 33. cxd6 Qxd6 34.
Rc1 Rxc1 35. Qxc1 f4 36. Qc8 fxg3+ 37. fxg3 Qd7 38. Qf8 Qf7 39. Qd8 Nh5 40. Kg2
e3 41. Qd6+ Kh7 42. Qe5 Qf2+ 43. Kh1 Nxg3+ {Normal} 0-1

[Event "Rated Blitz game"]
[Site "?"]
[Date "2021.04.10"]
[Round "?"]
[White "Lagardeduroi007"]
[Black "anjaya01"]
[Result "1-0"]
[WhiteElo "2317"]
[BlackElo "2429"]
[PlyCount "39"]
[EventDate "2021.??.??"]
[EventType "blitz"]

1. e4 e5 2. Nf3 d5 3. Nxe5 Bd6 4. d4 dxe4 5. Nc3 f5 6. Qh5+ g6 7. Nxg6 hxg6 8.
Qxh8 Kf7 9. Bc4+ Be6 10. Bxe6+ Kxe6 11. Bg5 Qxg5 12. Qxg8+ Kd7 13. O-O Nc6 14.
Qxa8 Nxd4 15. g3 Nf3+ 16. Kg2 Nh4+ 17. Kh1 Qg4 18. f4 exf3 19. Rae1 Kc6 20.
Qe8+ {Normal} 1-0

[Event "Rated Blitz game"]
[Site "?"]
[Date "2021.04.10"]
[Round "?"]
[White "ehud50"]
[Black "Slimslik02"]
[Result "1-0"]
[WhiteElo "2414"]
[BlackElo "2360"]
[PlyCount "39"]
[EventDate "2021.??.??"]
[EventType "blitz"]

1. e4 e5 2. Nf3 d5 3. Nxe5 Bd6 4. d4 dxe4 5. Nc4 Nf6 6. Nc3 O-O 7. Bg5 Re8 8.
Nxd6 cxd6 9. Bb5 Bd7 10. Bxd7 Nbxd7 11. O-O Qa5 12. Qd2 d5 13. f3 exf3 14. Rxf3
Qb6 15. Raf1 Rf8 16. Bxf6 Nxf6 17. Rxf6 Qxf6 18. Rxf6 gxf6 19. Nxd5 Rfe8 20.
Nxf6+ {Normal} 1-0

[Event "Rated Blitz tournament bAuUIRkr"]
[Site "?"]
[Date "2021.04.10"]
[Round "?"]
[White "amta01"]
[Black "batasjon"]
[Result "1-0"]
[WhiteElo "2416"]
[BlackElo "2212"]
[PlyCount "139"]
[EventDate "2021.??.??"]
[EventType "blitz"]

1. e4 e5 2. Nf3 d5 3. Nxe5 Bd6 4. d4 dxe4 5. Bc4 Bxe5 6. dxe5 Qxd1+ 7. Kxd1 Nc6
8. Bb5 Bg4+ 9. Ke1 O-O-O 10. Nc3 Nxe5 11. Bf4 Ng6 12. Be3 a6 13. Bc4 Ne5 14.
Bb3 Ne7 15. Nxe4 Rhe8 16. h3 Bh5 17. Ng3 Bg6 18. Ke2 N7c6 19. Rhd1 f5 20. Kf1
Rf8 21. Bf4 Be8 22. Be6+ Bd7 23. Bxd7+ Nxd7 24. Rd5 g6 25. Bg5 Rde8 26. Rad1
Nb6 27. R5d2 Nc4 28. Rd5 Nxb2 29. Rb1 Nc4 30. Rc5 Nd2+ 31. Bxd2 f4 32. Ne2 Rd8
33. Bxf4 h6 34. Bxh6 Rfe8 35. Be3 Rf8 36. Nc3 Rde8 37. Rd1 Rxe3 38. Nd5 Ree8
39. Rd3 Re5 40. Ne7+ Rxe7 41. Rg5 Re6 42. Rdg3 Rff6 43. h4 Ne7 44. Rd3 Nf5 45.
g3 Ne3+ 46. Kg1 Nxc2 47. Rc3 Ne1 48. Rgc5 Nf3+ 49. Kg2 c6 50. Rxf3 Rxf3 51.
Kxf3 b6 52. Rg5 c5 53. Kg4 c4 54. Rd5 c3 55. Rd1 c2 56. Rc1 Rc6 57. f4 b5 58.
f5 gxf5+ 59. Kxf5 b4 60. g4 a5 61. g5 a4 62. g6 Rxg6 63. Kxg6 b3 64. axb3 axb3
65. h5 Kd7 66. h6 b2 67. Rxc2 b1=Q 68. Kg7 Qxc2 69. Kg8 Qh7+ 70. Kxh7 {Time
forfeit} 1-0

[Event "Rated Blitz tournament spring21"]
[Site "?"]
[Date "2021.04.10"]
[Round "?"]
[White "Cellini"]
[Black "vovaches"]
[Result "1/2-1/2"]
[WhiteElo "2486"]
[BlackElo "2472"]
[PlyCount "107"]
[EventDate "2021.??.??"]
[EventType "blitz"]

1. e4 e5 2. Nf3 d5 3. exd5 e4 4. Qe2 Nf6 5. d3 Qxd5 6. Nbd2 Nc6 7. dxe4 Qe6 8.
c3 Bd6 9. Nd4 Nxd4 10. cxd4 O-O 11. f3 Re8 12. Nb3 Bb4+ 13. Bd2 Qb6 14. O-O-O
Bxd2+ 15. Qxd2 a5 16. Qc3 a4 17. Nc5 a3 18. b3 Bd7 19. e5 Nd5 20. Nxd7 Nxc3 21.
Nxb6 Nxa2+ 22. Kd2 cxb6 23. f4 Rec8 24. Ra1 Nb4 25. Bd3 b5 26. Rhc1 a2 27.
Rxc8+ Rxc8 28. d5 Nxd5 29. Rxa2 Nxf4 30. Bxb5 Nxg2 31. Ra7 Rd8+ 32. Kc3 g5 33.
Rxb7 Ne3 34. h3 h5 35. Rd7 Rxd7 36. Bxd7 g4 37. hxg4 hxg4 38. Kd4 Nc2+ 39. Ke4
g3 40. Bh3 Kg7 41. Kf4 f6 42. e6 Nd4 43. b4 g2 44. Bxg2 Nxe6+ 45. Ke3 Kf8 46.
Bd5 Ke7 47. Ke4 Nc7 48. Bc4 Kd6 49. Kf5 Kc6 50. Kxf6 Kb6 51. Ke5 Na6 52. b5 Nc7
53. Kd4 Nxb5+ 54. Bxb5 {Normal} 1/2-1/2

[Event "Rated Blitz tournament spring21"]
[Site "?"]
[Date "2021.04.10"]
[Round "?"]
[White "Anonymous_Warrior"]
[Black "vovaches"]
[Result "0-1"]
[WhiteElo "2311"]
[BlackElo "2514"]
[PlyCount "42"]
[EventDate "2021.??.??"]
[EventType "blitz"]

1. e4 e5 2. Nf3 d5 3. exd5 e4 4. Qe2 Nf6 5. Nc3 Be7 6. Nxe4 O-O 7. Nxf6+ Bxf6
8. d3 Re8 9. Be3 Bxb2 10. Rb1 Bc3+ 11. Nd2 Qxd5 12. Rb3 Qa5 13. g3 Nc6 14. Bg2
Nd4 15. Qd1 Bg4 16. Qxg4 Bxd2+ 17. Kd1 Bxe3 18. fxe3 Nxb3 19. axb3 Rxe3 20. Qf4
Rae8 21. Rf1 Re1+ {Normal} 0-1

[Event "Rated Blitz tournament spring21"]
[Site "?"]
[Date "2021.04.10"]
[Round "?"]
[White "TimoScKreuzberg"]
[Black "vovaches"]
[Result "1-0"]
[WhiteElo "2409"]
[BlackElo "2521"]
[PlyCount "95"]
[EventDate "2021.??.??"]
[EventType "blitz"]

1. e4 e5 2. Nf3 d5 3. exd5 e4 4. Qe2 Nf6 5. d3 Qxd5 6. Nc3 Bb4 7. Bd2 Bxc3 8.
Bxc3 O-O 9. dxe4 Nxe4 10. Bd4 Re8 11. Be3 Nc6 12. Qc4 Qa5+ 13. c3 Bg4 14. Be2
Qh5 15. O-O-O a5 16. h3 Bxf3 17. Bxf3 Qg6 18. Qd3 Rad8 19. Qc2 Rxd1+ 20. Rxd1
Qe6 21. Kb1 Nd6 22. Bd5 Qf6 23. g4 Ne5 24. Bd4 Qf4 25. Re1 c6 26. Bb3 Nf3 27.
Rxe8+ Nxe8 28. Be3 Qf6 29. Qe4 Nd6 30. Qf4 Ne5 31. Qxf6 gxf6 32. f4 Nec4 33.
Bc1 b5 34. Bc2 a4 35. b3 axb3 36. axb3 Nb6 37. Be3 Nd5 38. Bd2 Nf5 39. gxf5 Ne7
40. Be4 Nd5 41. Bxd5 cxd5 42. c4 Kf8 43. cxb5 Ke8 44. Be3 Kd7 45. Bc5 Kc7 46.
Kc2 Kb7 47. Kd3 Kc7 48. Kd4 {Time forfeit} 1-0

[Event "Rated Blitz tournament spring21"]
[Site "?"]
[Date "2021.04.10"]
[Round "?"]
[White "Enis_Metinn57"]
[Black "vovaches"]
[Result "0-1"]
[WhiteElo "2292"]
[BlackElo "2469"]
[PlyCount "136"]
[EventDate "2021.??.??"]
[EventType "blitz"]

1. e4 e5 2. Nf3 d5 3. exd5 e4 4. Qe2 Nf6 5. d3 Qxd5 6. Nbd2 Nc6 7. dxe4 Qe6 8.
Qc4 Qd7 9. Bd3 Bd6 10. O-O O-O 11. Qa4 Qe7 12. Re1 Ng4 13. h3 Nge5 14. Nxe5
Nxe5 15. Nc4 Bd7 16. Qa5 b6 17. Qd5 Be6 18. Qd4 Bxh3 19. Nxe5 Bxe5 20. Qe3 Be6
21. f4 Bd6 22. Qg3 f6 23. Be3 Rad8 24. Qh4 Bc5 25. e5 f5 26. Qxe7 Bxe7 27. Rad1
c6 28. c4 Rd7 29. Be2 Rfd8 30. Rxd7 Rxd7 31. b3 Kf8 32. Rd1 Ke8 33. Rxd7 Kxd7
34. Bf3 Bb4 35. Kf2 g6 36. Ke2 Kc7 37. Kd3 a6 38. Bd2 Bc5 39. Be3 Bb4 40. Bd2
Be7 41. b4 h6 42. g3 b5 43. c5 Bxa2 44. g4 Bc4+ 45. Ke3 Kd7 46. gxf5 gxf5 47.
Kd4 Bd8 48. Bh5 Bd5 49. Bg6 Be4 50. Be1 Ke6 51. Be8 Ke7 52. Bg6 Kf8 53. Bh5 Kg7
54. Be8 Be7 55. Bd7 h5 56. Bc8 h4 57. Bxa6 h3 58. Bg3 Bh4 59. Bh2 Bf2+ 60. Kc3
Bd5 61. Bc8 Kg6 62. Bd7 Be3 63. Bg3 Bf2 64. Bh2 Be1+ 65. Kd4 Bxb4 66. e6 Kf6
67. Bg3 Be1 68. Bh4+ Bxh4 {Normal} 0-1

[Event "Rated Blitz game"]
[Site "?"]
[Date "2021.04.10"]
[Round "?"]
[White "IzkusniJorge"]
[Black "anjaya01"]
[Result "1-0"]
[WhiteElo "2414"]
[BlackElo "2424"]
[PlyCount "39"]
[EventDate "2021.??.??"]
[EventType "blitz"]

1. e4 e5 2. Nf3 d5 3. Nxe5 Bd6 4. d4 dxe4 5. Nc3 f5 6. Qh5+ g6 7. Nxg6 Nf6 8.
Qh6 Rg8 9. Ne5 Bxe5 10. dxe5 Rg6 11. Qh4 Ng4 12. Qxh7 Rb6 13. Bc4 Nxe5 14. Qh8+
Kd7 15. Qxe5 Qf6 16. Qxf6 Rxf6 17. Bg5 Rg6 18. O-O-O+ Kc6 19. Be3 Rxg2 20. Bb5#
{Normal} 1-0

[Event "Rated Blitz tournament spring21"]
[Site "?"]
[Date "2021.04.10"]
[Round "?"]
[White "arvids_andrejevs"]
[Black "Maltinho"]
[Result "1-0"]
[WhiteElo "2380"]
[BlackElo "2499"]
[PlyCount "55"]
[EventDate "2021.??.??"]
[EventType "blitz"]

1. e4 e5 2. Nf3 d5 3. Nxe5 Bd6 4. d4 dxe4 5. Nc3 Bxe5 6. dxe5 Qxd1+ 7. Nxd1 Nc6
8. Bf4 Nge7 9. Bb5 Bf5 10. Ne3 Bg6 11. h4 h6 12. O-O-O a6 13. Ba4 b5 14. Bb3
O-O 15. Rd7 Rac8 16. Rhd1 Nf5 17. e6 fxe6 18. Bxe6+ Kh7 19. h5 Bxh5 20. Nxf5
Bxd1 21. Rxg7+ Kh8 22. Bxc8 Bh5 23. Rxc7 Rd8 24. Bd7 Nb4 25. Be5+ Kg8 26. Be6+
Kf8 27. Bg7+ Ke8 28. Re7# {Normal} 1-0

[Event "Rated Blitz tournament spring21"]
[Site "?"]
[Date "2021.04.10"]
[Round "?"]
[White "gambithounter"]
[Black "championman3838"]
[Result "1-0"]
[WhiteElo "2377"]
[BlackElo "2584"]
[PlyCount "89"]
[EventDate "2021.??.??"]
[EventType "blitz"]

1. e4 e5 2. Nf3 d5 3. exd5 e4 4. Qe2 Be7 5. Qxe4 Nf6 6. Bb5+ Nbd7 7. Qd4 O-O 8.
O-O Nb6 9. Nc3 a6 10. Bd3 Nbxd5 11. Nxd5 Qxd5 12. Qxd5 Nxd5 13. Re1 Bf6 14. c4
Nb6 15. c5 Nd5 16. Be4 c6 17. d4 Bg4 18. Ne5 Bxe5 19. dxe5 Be6 20. h3 Rad8 21.
f4 g6 22. Rd1 Nc7 23. Rxd8 Rxd8 24. Be3 Bd5 25. Bc2 Be6 26. Rd1 Rxd1+ 27. Bxd1
Bxa2 28. g4 Bd5 29. Bc2 Kf8 30. f5 Ke7 31. Kf2 a5 32. Bg5+ Kd7 33. e6+ fxe6 34.
fxg6 hxg6 35. Bxg6 e5 36. h4 Ne6 37. Be3 Ke7 38. h5 Kf6 39. Bf5 Nd4 40. Bc8 Be6
41. g5+ Ke7 42. h6 Kf7 43. h7 Kg7 44. g6 Bxc8 45. Bg5 {Normal} 1-0

[Event "Rated Blitz game"]
[Site "?"]
[Date "2021.04.10"]
[Round "?"]
[White "Shahnazcity"]
[Black "King_bg03"]
[Result "1/2-1/2"]
[WhiteElo "2513"]
[BlackElo "2576"]
[PlyCount "166"]
[EventDate "2021.??.??"]
[EventType "blitz"]

1. e4 e5 2. Nf3 d5 3. exd5 e4 4. Qe2 Nf6 5. Nc3 Be7 6. Nxe4 O-O 7. d3 Qxd5 8.
Nxf6+ Bxf6 9. Qd1 Re8+ 10. Be2 Qe6 11. c3 Nd7 12. Be3 Nb6 13. O-O Nd5 14. Qb3
Nxe3 15. Qxe6 Rxe6 16. fxe3 Rxe3 17. Kf2 Re8 18. Rfe1 Bf5 19. Bf1 Kf8 20. Rxe8+
Rxe8 21. Re1 Rxe1 22. Kxe1 Ke7 23. h3 Be6 24. a3 a5 25. Nd2 Bd5 26. g3 Be5 27.
Kf2 f5 28. Bg2 Bxg2 29. Kxg2 b5 30. a4 bxa4 31. Nc4 Bd6 32. Nxa5 a3 33. bxa3
Bxa3 34. Nc4 Bd6 35. Kf3 Ke6 36. Ne3 h5 37. h4 c6 38. Ng2 g6 39. Nf4+ Kf6 40.
Ne2 Be5 41. d4 Bd6 42. c4 g5 43. hxg5+ Kxg5 44. Nc3 h4 45. gxh4+ Kxh4 46. c5
Be7 47. d5 cxd5 48. c6 Bd6 49. Nb5 Be5 50. Nd4 Kg5 51. c7 Bxc7 52. Ne6+ Kf6 53.
Nxc7 Ke5 54. Nxd5 Kxd5 55. Kf4 Ke6 56. Kf3 Ke5 57. Ke3 f4+ 58. Kf3 Kf5 59. Kf2
Ke4 60. Ke2 Ke5 61. Kf3 Kf5 62. Kf2 Kg4 63. Kg2 Kh4 64. Kf3 Kg5 65. Kf2 Kf5 66.
Kf3 Ke5 67. Kf2 Ke4 68. Ke2 f3+ 69. Kf2 Kf4 70. Kf1 Ke3 71. Ke1 Kf4 72. Kf2 Kg4
73. Kf1 Kh3 74. Kf2 Kg4 75. Kf1 Kg5 76. Kf2 Kf4 77. Kf1 Ke5 78. Kf2 Ke4 79. Kf1
Ke3 80. Ke1 Kf4 81. Kf2 Ke4 82. Kf1 Kd5 83. Kf2 Ke4 {Normal} 1/2-1/2

[Event "Rated Blitz tournament spring21"]
[Site "?"]
[Date "2021.04.10"]
[Round "?"]
[White "DMKey"]
[Black "Artem_0degov"]
[Result "1-0"]
[WhiteElo "2536"]
[BlackElo "2541"]
[PlyCount "77"]
[EventDate "2021.??.??"]
[EventType "blitz"]

1. e4 e5 2. Nf3 d5 3. d4 dxe4 4. Nxe5 Bd6 5. Nc3 Bxe5 6. dxe5 Qxd1+ 7. Nxd1 Nc6
8. Bf4 Bf5 9. Nc3 O-O-O 10. Bc4 Nge7 11. Bxf7 Rhf8 12. Bb3 Ng6 13. Bg5 Rde8 14.
O-O-O Ngxe5 15. h3 h6 16. Be3 g5 17. Bd5 Ng6 18. Bxc6 bxc6 19. Bxa7 Nf4 20. g3
Nxh3 21. Bc5 Rf7 22. Be3 Bg4 23. Rd2 Ref8 24. Rh2 Ng1 25. Rxh6 Nf3 26. Rd1 Ne5
27. Rdh1 Nc4 28. Bc5 Rd8 29. Rh8 Rxh8 30. Rxh8+ Kb7 31. b3 Ne5 32. Nxe4 Bf5 33.
Nxg5 Rd7 34. Be3 Ng4 35. Nf3 Be4 36. Nd4 c5 37. Ne6 Kc6 38. Nxc5 Re7 39. Bg5 {
Normal} 1-0

[Event "Rated Blitz tournament spring21"]
[Site "?"]
[Date "2021.04.10"]
[Round "?"]
[White "jonashacker1"]
[Black "vovaches"]
[Result "1/2-1/2"]
[WhiteElo "2432"]
[BlackElo "2570"]
[PlyCount "126"]
[EventDate "2021.??.??"]
[EventType "blitz"]

1. e4 e5 2. Nf3 d5 3. exd5 e4 4. Qe2 Nf6 5. d3 Qxd5 6. dxe4 Qxe4 7. Nc3 Qxe2+
8. Bxe2 Bb4 9. Bd2 Nc6 10. O-O-O Be6 11. Nb5 O-O-O 12. Nxa7+ Nxa7 13. Bxb4 Nc6
14. Bc3 Ne4 15. Rxd8+ Rxd8 16. Be1 f5 17. a3 g5 18. Nd2 Bd5 19. f3 Nxd2 20.
Bxd2 f4 21. Bc3 Re8 22. Re1 h5 23. Bb5 Rxe1+ 24. Bxe1 g4 25. fxg4 hxg4 26. Bxc6
Bxc6 27. h3 gxh3 28. gxh3 Kd7 29. h4 Ke6 30. h5 Kf5 31. h6 Kg6 32. Bd2 f3 33.
Kd1 Be4 34. c3 c6 35. Ke1 b5 36. Kf2 Bd5 37. Ke3 Kh7 38. Kf2 Kg6 39. Be3 Kh7
40. Kg3 Kg6 41. Kg4 f2 42. Bxf2 Kxh6 43. Be3+ Kg6 44. Kf4 Kf6 45. Bc5 Ke6 46.
Ke3 Bb3 47. Kd4 Bc2 48. Bf8 Bb3 49. Kc5 Kd7 50. Kb6 Bd1 51. Bc5 Bc2 52. Ka5 Bd1
53. Kb4 Bc2 54. b3 Bd1 55. a4 bxa4 56. bxa4 Kc7 57. a5 Kb7 58. Bd4 Be2 59. Bc5
Bf1 60. Bd4 Be2 61. Bc5 Bf1 62. Bd4 Be2 63. Bc5 Bf1 {Normal} 1/2-1/2